[Event "DEM U14 2024"]
[Site "Willingen GER"]
[Date "2024.05.20"]
[Round "3"]
[White "Sydykov, Bayastan"]
[Black "Nuñez Grégoire, Daniel"]
[Result "1-0"]
[Termination "normal"]
[Board "5"]
[WhiteElo "2181"]
[BlackElo "1961"]
[WhiteClock "00:04:10"]
[BlackClock "00:07:41"]
[PlyCount "125"]
[WhiteFideId "13829610"]
[BlackFideId "34627103"]
[EventCountry "GER"]
[EventRounds "9"]
[EventType "swiss"]
[EventDate "2024.05.18"]

1. e4 {[%clk 01:30:57]} {[%emt 00:00:02]} e5 {[%clk 01:30:55]} {[%emt
00:00:06]} 2. Nf3 {[%clk 01:31:24]} {[%emt 00:00:03]} Nc6 {[%clk 01:31:20]}
{[%emt 00:00:04]} 3. Bb5 {[%clk 01:31:49]} {[%emt 00:00:05]} Nf6 {[%clk
01:31:46]} {[%emt 00:00:04]} 4. d3 {[%clk 01:32:12]} {[%emt 00:00:07]} Bc5
{[%clk 01:32:11]} {[%emt 00:00:05]} 5. c3 {[%clk 01:32:07]} {[%emt 00:00:35]}
O-O {[%clk 01:31:50]} {[%emt 00:00:50]} 6. O-O {[%clk 01:31:20]} {[%emt
00:01:18]} d6 {[%clk 01:31:40]} {[%emt 00:00:40]} 7. h3 {[%clk 01:29:59]}
{[%emt 00:01:51]} h6 {[%clk 01:31:14]} {[%emt 00:00:57]} 8. Re1 {[%clk
01:28:38]} {[%emt 00:01:51]} Bb6 {[%clk 01:29:25]} {[%emt 00:02:19]} 9. Nbd2
{[%clk 01:26:29]} {[%emt 00:02:38]} Ne7 {[%clk 01:29:18]} {[%emt 00:00:37]} 10.
Nc4 {[%clk 01:21:10]} {[%emt 00:05:49]} Ng6 {[%clk 01:26:22]} {[%emt 00:03:26]}
11. Nxb6 {[%clk 01:15:43]} {[%emt 00:05:58]} axb6 {[%clk 01:26:40]} {[%emt
00:00:12]} 12. d4 {[%clk 01:12:21]} {[%emt 00:03:52]} Bd7 {[%clk 01:25:42]}
{[%emt 00:01:27]} 13. Bd3 {[%clk 01:05:30]} {[%emt 00:07:20]} Re8 {[%clk
01:23:15]} {[%emt 00:02:58]} 14. Bd2 {[%clk 00:56:39]} {[%emt 00:09:21]} Bc6
{[%clk 01:19:17]} {[%emt 00:04:28]} 15. d5 {[%clk 00:44:32]} {[%emt 00:12:36]}
Bd7 {[%clk 01:12:54]} {[%emt 00:06:54]} 16. Be3 {[%clk 00:43:49]} {[%emt
00:01:12]} Ne7 {[%clk 00:55:10]} {[%emt 00:18:15]} 17. c4 {[%clk 00:39:42]}
{[%emt 00:04:37]} c5 {[%clk 00:50:22]} {[%emt 00:05:18]} 18. Nd2 {[%clk
00:32:09]} {[%emt 00:08:03]} Ng6 {[%clk 00:45:54]} {[%emt 00:04:58]} 19. Kh2
{[%clk 00:18:52]} {[%emt 00:13:46]} Qc8 {[%clk 00:44:00]} {[%emt 00:02:25]} 20.
Bf1 {[%clk 00:17:23]} {[%emt 00:01:59]} Nf4 {[%clk 00:39:39]} {[%emt 00:04:50]}
21. Bxf4 {[%clk 00:13:44]} {[%emt 00:04:10]} exf4 {[%clk 00:40:02]} {[%emt
00:00:07]} 22. Qf3 {[%clk 00:12:34]} {[%emt 00:01:40]} g5 {[%clk 00:39:43]}
{[%emt 00:00:48]} 23. Qc3 {[%clk 00:12:22]} {[%emt 00:00:43]} Nh7 {[%clk
00:37:07]} {[%emt 00:03:06]} 24. e5 {[%clk 00:11:56]} {[%emt 00:00:57]} dxe5
{[%clk 00:36:24]} {[%emt 00:01:12]} 25. Rxe5 {[%clk 00:12:22]} {[%emt
00:00:03]} f6 {[%clk 00:35:51]} {[%emt 00:01:04]} 26. Rxe8+ {[%clk 00:12:03]}
{[%emt 00:00:49]} Qxe8 {[%clk 00:35:53]} {[%emt 00:00:28]} 27. Bd3 {[%clk
00:11:47]} {[%emt 00:00:46]} Qf7 {[%clk 00:34:33]} {[%emt 00:01:49]} 28. Ne4
{[%clk 00:10:52]} {[%emt 00:01:26]} Qf8 {[%clk 00:32:48]} {[%emt 00:02:15]} 29.
Qb3 {[%clk 00:07:55]} {[%emt 00:03:27]} f5 {[%clk 00:32:33]} {[%emt 00:00:45]}
30. Nc3 {[%clk 00:08:00]} {[%emt 00:00:25]} Qf6 {[%clk 00:30:52]} {[%emt
00:02:11]} 31. a4 {[%clk 00:05:59]} {[%emt 00:02:31]} h5 {[%clk 00:29:11]}
{[%emt 00:02:11]} 32. Ne2 {[%clk 00:03:30]} {[%emt 00:02:59]} Qd6 {[%clk
00:20:34]} {[%emt 00:09:08]} 33. Kg1 {[%clk 00:03:15]} {[%emt 00:00:45]} g4
{[%clk 00:16:11]} {[%emt 00:04:53]} 34. h4 {[%clk 00:03:02]} {[%emt 00:00:43]}
Nf8 {[%clk 00:14:29]} {[%emt 00:02:12]} 35. Qc2 {[%clk 00:02:39]} {[%emt
00:00:54]} Qe5 {[%clk 00:09:00]} {[%emt 00:05:58]} 36. Qc3 {[%clk 00:01:41]}
{[%emt 00:01:27]} Qd6 {[%clk 00:05:09]} {[%emt 00:04:22]} 37. g3 {[%clk
00:01:25]} {[%emt 00:00:46]} Ng6 {[%clk 00:04:45]} {[%emt 00:00:53]} 38. Nxf4
{[%clk 00:01:21]} {[%emt 00:00:34]} Nxf4 39. gxf4 {[%clk 00:01:50]} Re8 {[%clk
00:02:44]} {[%emt 00:02:31]} 40. b3 {[%clk 00:00:36]} {[%emt 00:01:45]} Kf7
{[%clk 00:00:53]} {[%emt 00:02:20]} 41. Qd2 {[%clk 00:28:31]} {[%emt 00:02:36]}
Qe7 {[%clk 00:27:39]} {[%emt 00:03:44]} 42. Kg2 {[%clk 00:27:51]} {[%emt
00:01:10]} Qf6 {[%clk 00:26:32]} {[%emt 00:01:37]} 43. Rh1 {[%clk 00:25:53]}
{[%emt 00:02:28]} Qd4 {[%clk 00:22:31]} {[%emt 00:04:30]} 44. Rd1 {[%clk
00:24:24]} {[%emt 00:01:59]} Re7 {[%clk 00:20:20]} {[%emt 00:02:41]} 45. Bc2
{[%clk 00:21:47]} {[%emt 00:03:07]} Qxd2 {[%clk 00:18:17]} {[%emt 00:02:33]}
46. Rxd2 {[%clk 00:21:07]} {[%emt 00:01:12]} Re1 {[%clk 00:18:12]} {[%emt
00:00:34]} 47. Bd3 {[%clk 00:11:13]} {[%emt 00:10:24]} Rc1 {[%clk 00:16:02]}
{[%emt 00:02:39]} 48. Be2 {[%clk 00:08:51]} {[%emt 00:02:53]} Re1 {[%clk
00:15:38]} {[%emt 00:00:54]} 49. Bf1 {[%clk 00:04:40]} {[%emt 00:04:41]} Re4
{[%clk 00:15:17]} {[%emt 00:00:50]} 50. Kg3 {[%clk 00:05:08]} {[%emt 00:00:03]}
Re1 {[%clk 00:15:36]} {[%emt 00:00:11]} 51. Bg2 {[%clk 00:05:20]} {[%emt
00:00:18]} Ke8 {[%clk 00:14:22]} {[%emt 00:01:44]} 52. Rd3 {[%clk 00:04:40]}
{[%emt 00:01:10]} Rb1 {[%clk 00:13:36]} {[%emt 00:01:15]} 53. f3 {[%clk
00:04:10]} {[%emt 00:01:00]} Kd8 {[%clk 00:10:48]} {[%emt 00:03:18]} 54. Re3
{[%clk 00:04:02]} {[%emt 00:00:38]} Rb2 {[%clk 00:10:42]} {[%emt 00:00:36]} 55.
fxg4 {[%clk 00:04:03]} {[%emt 00:00:29]} fxg4 {[%clk 00:10:11]} {[%emt
00:01:01]} 56. Be4 {[%clk 00:04:20]} {[%emt 00:00:13]} Ke7 {[%clk 00:08:24]}
{[%emt 00:02:17]} 57. Bf5+ {[%clk 00:04:20]} {[%emt 00:00:31]} Kd6 {[%clk
00:08:20]} {[%emt 00:00:33]} 58. Bg6 {[%clk 00:04:16]} {[%emt 00:00:35]} Rd2
{[%clk 00:08:15]} {[%emt 00:00:35]} 59. f5 {[%clk 00:04:02]} {[%emt 00:00:44]}
Rd1 {[%clk 00:07:31]} {[%emt 00:01:13]} 60. f6 {[%clk 00:04:20]} {[%emt
00:00:12]} Rf1 {[%clk 00:07:32]} {[%emt 00:00:30]} 61. f7 {[%clk 00:04:38]}
{[%emt 00:00:12]} Rf6 {[%clk 00:07:22]} {[%emt 00:00:40]} 62. Bxh5 {[%clk
00:04:10]} {[%emt 00:00:58]} Rf1 {[%clk 00:07:41]} {[%emt 00:00:09]} 63. Re8
1-0

[Event "DEM U14 2024"]
[Site "Willingen GER"]
[Date "2024.05.20"]
[Round "3"]
[White "Herrmann, Jakob"]
[Black "Herrmann, Arthur"]
[Result "1-0"]
[Termination "normal"]
[Board "6"]
[WhiteElo "2060"]
[BlackElo "1929"]
[WhiteClock "00:24:30"]
[BlackClock "00:04:25"]
[PlyCount "73"]
[WhiteFideId "16287169"]
[BlackFideId "16287150"]
[EventCountry "GER"]
[EventRounds "9"]
[EventType "swiss"]
[EventDate "2024.05.18"]

1. Nf3 {[%clk 01:30:53]} {[%emt 00:00:02]} Nf6 {[%clk 01:30:56]} {[%emt
00:00:08]} 2. g3 {[%clk 01:31:18]} {[%emt 00:00:06]} c5 {[%clk 01:31:20]}
{[%emt 00:00:06]} 3. Bg2 {[%clk 01:31:39]} {[%emt 00:00:09]} Nc6 {[%clk
01:30:30]} {[%emt 00:01:20]} 4. O-O {[%clk 01:31:31]} {[%emt 00:00:37]} e5
{[%clk 01:29:44]} {[%emt 00:01:16]} 5. c4 {[%clk 01:31:45]} {[%emt 00:00:17]}
d5 {[%clk 01:28:51]} {[%emt 00:01:24]} 6. cxd5 {[%clk 01:30:59]} {[%emt
00:01:15]} Nxd5 {[%clk 01:29:08]} {[%emt 00:00:13]} 7. Nc3 {[%clk 01:23:06]}
{[%emt 00:08:23]} Nc7 {[%clk 01:28:53]} {[%emt 00:00:45]} 8. a3 {[%clk
01:20:17]} {[%emt 00:03:20]} Rb8 {[%clk 01:28:08]} {[%emt 00:01:15]} 9. Rb1
{[%clk 01:18:15]} {[%emt 00:02:32]} f6 {[%clk 01:16:19]} {[%emt 00:12:18]} 10.
d3 {[%clk 01:08:51]} {[%emt 00:09:54]} Be7 {[%clk 01:08:49]} {[%emt 00:08:01]}
11. Be3 {[%clk 01:05:27]} {[%emt 00:03:53]} Bd7 {[%clk 01:01:11]} {[%emt
00:08:08]} 12. h4 {[%clk 01:02:50]} {[%emt 00:03:07]} a5 {[%clk 00:54:02]}
{[%emt 00:07:38]} 13. a4 {[%clk 00:59:03]} {[%emt 00:04:18]} Nd4 {[%clk
00:49:54]} {[%emt 00:04:37]} 14. Nd2 {[%clk 00:58:23]} {[%emt 00:01:10]} Be6
{[%clk 00:43:27]} {[%emt 00:06:57]} 15. Nc4 {[%clk 00:58:05]} {[%emt 00:00:48]}
b6 {[%clk 00:42:25]} {[%emt 00:01:33]} 16. f4 {[%clk 00:42:19]} {[%emt
00:16:16]} exf4 {[%clk 00:21:24]} {[%emt 00:21:31]} 17. Bxf4 {[%clk 00:42:16]}
{[%emt 00:00:32]} O-O {[%clk 00:20:46]} {[%emt 00:01:10]} 18. Kh2 {[%clk
00:27:55]} {[%emt 00:14:50]} Nf5 {[%clk 00:15:59]} {[%emt 00:05:17]} 19. e4
{[%clk 00:25:34]} {[%emt 00:02:51]} Nd6 {[%clk 00:13:30]} {[%emt 00:02:59]} 20.
Nd5 {[%clk 00:25:47]} {[%emt 00:00:17]} Nxd5 {[%clk 00:11:04]} {[%emt
00:02:56]} 21. exd5 {[%clk 00:25:59]} {[%emt 00:00:17]} Nxc4 {[%clk 00:07:32]}
{[%emt 00:04:02]} 22. dxc4 {[%clk 00:24:55]} {[%emt 00:01:35]} Bf5 {[%clk
00:05:21]} {[%emt 00:02:41]} 23. Bxb8 {[%clk 00:23:39]} {[%emt 00:01:46]} Bxb1
{[%clk 00:05:31]} {[%emt 00:00:20]} 24. d6 {[%clk 00:24:06]} {[%emt 00:00:03]}
Qxb8 {[%clk 00:03:41]} {[%emt 00:02:19]} 25. dxe7 {[%clk 00:24:30]} {[%emt
00:00:06]} Re8 {[%clk 00:04:02]} {[%emt 00:00:09]} 26. Qd5+ {[%clk 00:24:30]}
{[%emt 00:00:31]} Kh8 {[%clk 00:04:25]} 27. Rxb1 {[%clk 00:24:30]} Rxe7 {[%clk
00:04:25]} 28. Rd1 {[%clk 00:24:30]} Re8 {[%clk 00:04:25]} 29. Rd2 {[%clk
00:24:30]} h6 {[%clk 00:04:25]} 30. Be4 {[%clk 00:24:30]} Qc8 {[%clk 00:04:25]}
31. Bg6 {[%clk 00:24:30]} Rf8 {[%clk 00:04:25]} 32. Qd7 {[%clk 00:24:30]} Qb8
{[%clk 00:04:25]} 33. Qe7 {[%clk 00:24:30]} Rg8 {[%clk 00:04:25]} 34. Rd7
{[%clk 00:24:30]} Qa8 {[%clk 00:04:25]} 35. Be4 {[%clk 00:24:30]} Qe8 {[%clk
00:04:25]} 36. Bd5 {[%clk 00:24:30]} Qxe7 {[%clk 00:04:25]} 37. Rxe7 {[%clk
00:24:30]} 1-0

[Event "DEM U14 2024"]
[Site "Willingen GER"]
[Date "2024.05.20"]
[Round "3"]
[White "Neuhoff, Laertes"]
[Black "Nguyen, Thanh An"]
[Result "1-0"]
[Termination "normal"]
[Board "7"]
[WhiteElo "2089"]
[BlackElo "1794"]
[WhiteClock "00:02:15"]
[BlackClock "00:05:59"]
[PlyCount "71"]
[WhiteFideId "16279719"]
[BlackFideId "34627804"]
[EventCountry "GER"]
[EventRounds "9"]
[EventType "swiss"]
[EventDate "2024.05.18"]

1. Nf3 {[%clk 01:30:59]} d5 {[%clk 01:30:49]} {[%emt 00:00:11]} 2. g3 {[%clk
01:31:23]} {[%emt 00:00:06]} c5 {[%clk 01:31:15]} {[%emt 00:00:04]} 3. Bg2
{[%clk 01:31:50]} {[%emt 00:00:03]} Nc6 {[%clk 01:31:41]} {[%emt 00:00:04]} 4.
d3 {[%clk 01:32:09]} {[%emt 00:00:11]} e5 {[%emt 00:00:07]} 5. O-O {[%clk
01:32:21]} {[%emt 00:00:17]} h6 {[%clk 01:32:16]} {[%emt 00:00:19]} 6. Nbd2
{[%clk 01:32:18]} {[%emt 00:00:33]} Bd6 {[%clk 01:32:07]} {[%emt 00:00:39]} 7.
e4 {[%clk 01:29:50]} {[%emt 00:02:58]} d4 {[%clk 01:32:06]} {[%emt 00:00:31]}
8. Nc4 {[%clk 01:30:13]} {[%emt 00:00:06]} Bc7 {[%clk 01:32:31]} {[%emt
00:00:06]} 9. a4 {[%clk 01:30:36]} {[%emt 00:00:07]} Be6 {[%clk 01:30:55]}
{[%emt 00:02:06]} 10. Nh4 {[%clk 01:23:48]} {[%emt 00:07:18]} g6 {[%clk
01:27:52]} {[%emt 00:03:33]} 11. Bd2 {[%clk 01:17:32]} {[%emt 00:06:46]} Qe7
{[%clk 01:18:04]} {[%emt 00:10:18]} 12. Qe1 {[%clk 01:11:47]} {[%emt 00:06:14]}
O-O-O {[%clk 01:04:02]} {[%emt 00:14:32]} 13. a5 {[%clk 01:05:29]} {[%emt
00:06:49]} g5 {[%clk 01:02:17]} {[%emt 00:02:15]} 14. Nf5 {[%clk 01:05:25]}
{[%emt 00:00:33]} Qf6 {[%clk 01:02:37]} {[%emt 00:00:11]} 15. b4 {[%clk
01:03:34]} {[%emt 00:02:21]} cxb4 {[%clk 00:55:44]} {[%emt 00:07:23]} 16. Bxb4
{[%clk 01:02:33]} {[%emt 00:01:31]} Bxc4 {[%clk 00:55:56]} {[%emt 00:00:18]}
17. dxc4 {[%clk 01:02:39]} {[%emt 00:00:24]} Qe6 {[%clk 00:56:09]} {[%emt
00:00:17]} 18. a6 {[%clk 00:55:13]} {[%emt 00:07:57]} Qxc4 {[%clk 00:51:46]}
{[%emt 00:04:52]} 19. axb7+ {[%clk 00:54:40]} {[%emt 00:01:03]} Kxb7 {[%clk
00:49:49]} {[%emt 00:02:27]} 20. Ba3 {[%clk 00:47:33]} {[%emt 00:07:38]} Ka8
{[%clk 00:43:22]} {[%emt 00:06:56]} 21. Qd2 {[%clk 00:39:43]} {[%emt 00:08:20]}
Ba5 {[%clk 00:34:02]} {[%emt 00:09:50]} 22. Qc1 {[%clk 00:39:47]} {[%emt
00:00:25]} Bb4 {[%clk 00:34:09]} {[%emt 00:00:23]} 23. Rd1 {[%clk 00:30:56]}
{[%emt 00:09:21]} Nf6 {[%clk 00:33:03]} {[%emt 00:01:36]} 24. Bf1 {[%clk
00:25:54]} {[%emt 00:05:32]} Qc5 {[%clk 00:31:47]} {[%emt 00:01:48]} 25. Bxb4
{[%clk 00:24:05]} {[%emt 00:02:18]} Nxb4 {[%clk 00:29:13]} {[%emt 00:03:03]}
26. Qa3 {[%clk 00:22:40]} {[%emt 00:01:56]} Rd7 {[%clk 00:20:20]} {[%emt
00:09:23]} 27. Rdb1 {[%clk 00:15:27]} {[%emt 00:07:42]} Rb7 {[%clk 00:17:52]}
{[%emt 00:02:59]} 28. Ba6 {[%clk 00:13:50]} {[%emt 00:02:07]} Rbb8 {[%clk
00:09:47]} {[%emt 00:08:35]} 29. Bc4 {[%clk 00:09:17]} {[%emt 00:05:02]} Rhc8
{[%clk 00:07:59]} {[%emt 00:02:18]} 30. Nd6 {[%clk 00:04:21]} {[%emt 00:05:26]}
Nxc2 {[%clk 00:07:17]} {[%emt 00:01:12]} 31. Rxb8+ {[%clk 00:03:03]} {[%emt
00:01:48]} Kxb8 {[%clk 00:07:32]} {[%emt 00:00:16]} 32. Rb1+ {[%clk 00:02:04]}
{[%emt 00:01:29]} Ka8 {[%clk 00:07:34]} {[%emt 00:00:28]} 33. Qb3 {[%clk
00:01:35]} {[%emt 00:00:59]} Qb4 {[%clk 00:05:34]} {[%emt 00:02:29]} 34. Nxc8
{[%clk 00:01:49]} {[%emt 00:00:16]} Qxb3 {[%emt 00:00:14]} 35. Rxb3 {[%clk
00:02:01]} {[%emt 00:00:17]} Na1 {[%clk 00:05:59]} {[%emt 00:00:23]} 36. Rb2
{[%clk 00:02:15]} {[%emt 00:00:16]} 1-0

[Event "DEM U14 2024"]
[Site "Willingen GER"]
[Date "2024.05.20"]
[Round "3"]
[White "Nemitz, Alfred"]
[Black "Mündörfer, Sebastian"]
[Result "1-0"]
[Termination "normal"]
[Board "8"]
[WhiteTitle "FM"]
[WhiteElo "2220"]
[BlackElo "1914"]
[WhiteClock "00:03:15"]
[BlackClock "00:02:13"]
[PlyCount "67"]
[WhiteFideId "34601791"]
[BlackFideId "34604367"]
[EventCountry "GER"]
[EventRounds "9"]
[EventType "swiss"]
[EventDate "2024.05.18"]

1. d4 {[%clk 01:30:40]} {[%emt 00:00:21]} Nf6 {[%clk 01:30:53]} {[%emt
00:00:07]} 2. Bg5 {[%clk 01:31:05]} {[%emt 00:00:04]} e6 {[%clk 01:28:07]}
{[%emt 00:03:17]} 3. e4 {[%clk 01:29:04]} {[%emt 00:02:31]} h6 {[%clk
01:26:07]} {[%emt 00:02:30]} 4. Bxf6 {[%clk 01:28:12]} {[%emt 00:01:22]} Qxf6
{[%clk 01:26:30]} {[%emt 00:00:07]} 5. Nc3 {[%clk 01:28:36]} {[%emt 00:00:06]}
Bb4 {[%clk 01:19:50]} {[%emt 00:07:10]} 6. Qd3 {[%clk 01:28:50]} {[%emt
00:00:15]} b6 {[%clk 01:18:15]} {[%emt 00:02:06]} 7. e5 {[%clk 01:14:21]}
{[%emt 00:14:57]} Qd8 {[%clk 01:12:21]} {[%emt 00:06:25]} 8. Nf3 {[%clk
01:10:51]} {[%emt 00:04:00]} Bb7 {[%clk 01:11:07]} {[%emt 00:01:44]} 9. O-O-O
{[%clk 01:10:50]} {[%emt 00:00:30]} Nc6 {[%clk 01:03:36]} {[%emt 00:08:02]} 10.
d5 {[%clk 01:02:25]} {[%emt 00:08:54]} exd5 {[%clk 01:02:18]} {[%emt 00:01:48]}
11. Nxd5 {[%clk 01:01:25]} {[%emt 00:01:30]} Bc5 {[%clk 01:00:31]} {[%emt
00:02:17]} 12. Qe4 {[%clk 00:41:39]} {[%emt 00:20:15]} Nb4 {[%clk 00:43:19]}
{[%emt 00:17:43]} 13. Bc4 {[%clk 00:36:29]} {[%emt 00:05:39]} a5 {[%clk
00:33:19]} {[%emt 00:10:32]} 14. Qg4 {[%clk 00:32:38]} {[%emt 00:04:20]} Bxd5
{[%clk 00:09:40]} {[%emt 00:24:10]} 15. Bxd5 {[%clk 00:27:36]} {[%emt
00:05:32]} O-O {[%clk 00:08:38]} {[%emt 00:01:31]} 16. Bxa8 {[%clk 00:27:27]}
{[%emt 00:00:39]} Qxa8 {[%clk 00:09:06]} {[%emt 00:00:03]} 17. a3 {[%clk
00:26:44]} {[%emt 00:01:12]} Nd5 {[%clk 00:08:46]} {[%emt 00:00:51]} 18. Qxd7
{[%clk 00:26:30]} {[%emt 00:00:43]} Nf4 {[%clk 00:07:24]} {[%emt 00:01:52]} 19.
Qf5 {[%clk 00:25:26]} {[%emt 00:01:33]} Ne6 {[%clk 00:06:27]} {[%emt 00:01:28]}
20. Rhe1 {[%clk 00:21:55]} {[%emt 00:04:01]} b5 {[%clk 00:05:59]} {[%emt
00:00:59]} 21. Qe4 {[%clk 00:17:05]} {[%emt 00:05:19]} Qa6 {[%clk 00:05:35]}
{[%emt 00:00:55]} 22. Re2 {[%clk 00:14:29]} {[%emt 00:03:05]} Rb8 {[%clk
00:04:32]} {[%emt 00:01:32]} 23. Rd3 {[%clk 00:13:02]} {[%emt 00:01:58]} Bf8
{[%clk 00:04:01]} {[%emt 00:01:02]} 24. Rd5 {[%clk 00:07:50]} {[%emt 00:05:41]}
a4 {[%clk 00:03:09]} {[%emt 00:01:23]} 25. Nd4 {[%clk 00:05:55]} {[%emt
00:02:24]} Nc5 {[%clk 00:02:03]} {[%emt 00:01:35]} 26. Rxc5 {[%clk 00:06:08]}
{[%emt 00:00:19]} Bxc5 {[%clk 00:02:29]} {[%emt 00:00:04]} 27. e6 {[%clk
00:06:35]} {[%emt 00:00:03]} Bxd4 {[%clk 00:02:24]} {[%emt 00:00:35]} 28. exf7+
{[%clk 00:03:42]} {[%emt 00:03:22]} Kxf7 {[%clk 00:02:42]} {[%emt 00:00:13]}
29. Qxd4 {[%clk 00:03:31]} {[%emt 00:00:40]} Kg8 {[%clk 00:01:17]} {[%emt
00:01:55]} 30. Qd5+ {[%clk 00:02:50]} {[%emt 00:01:12]} Kh8 {[%clk 00:01:39]}
{[%emt 00:00:08]} 31. Re6 {[%emt 00:00:34]} Qa7 {[%clk 00:01:45]} {[%emt
00:00:23]} 32. Qe5 {[%clk 00:02:54]} {[%emt 00:00:22]} Qxf2 {[%clk 00:01:51]}
{[%emt 00:00:24]} 33. Rxh6+ {[%clk 00:03:15]} {[%emt 00:00:08]} Kg8 {[%clk
00:02:13]} {[%emt 00:00:08]} 34. Qe6+ {[%emt 00:00:17]} 1-0

[Event "DEM U14 2024"]
[Site "Willingen GER"]
[Date "2024.05.20"]
[Round "3"]
[White "Uyar, Levin"]
[Black "Schuricht, Emil Frederick"]
[Result "1-0"]
[Termination "normal"]
[Board "9"]
[WhiteElo "1868"]
[BlackElo "2027"]
[WhiteClock "00:18:43"]
[BlackClock "00:22:35"]
[PlyCount "101"]
[WhiteFideId "16282108"]
[BlackFideId "16270185"]
[EventCountry "GER"]
[EventRounds "9"]
[EventType "swiss"]
[EventDate "2024.05.18"]

1. e4 {[%clk 01:30:56]} {[%emt 00:00:03]} c6 {[%clk 01:30:54]} {[%emt
00:00:07]} 2. d4 {[%clk 01:31:22]} {[%emt 00:00:04]} d5 {[%clk 01:31:21]}
{[%emt 00:00:04]} 3. exd5 {[%clk 01:31:46]} {[%emt 00:00:06]} cxd5 {[%clk
01:31:47]} {[%emt 00:00:04]} 4. Bd3 {[%clk 01:32:09]} {[%emt 00:00:06]} Nc6
{[%clk 01:32:12]} {[%emt 00:00:05]} 5. c3 {[%clk 01:32:33]} {[%emt 00:00:05]}
Qc7 {[%clk 01:32:38]} {[%emt 00:00:05]} 6. Ne2 {[%clk 01:32:56]} {[%emt
00:00:07]} Bg4 {[%clk 01:33:03]} {[%emt 00:00:05]} 7. O-O {[%clk 01:33:20]}
{[%emt 00:00:06]} e6 {[%clk 01:32:42]} {[%emt 00:00:51]} 8. Qe1 {[%clk
01:33:30]} {[%emt 00:00:20]} Nf6 {[%clk 01:33:05]} {[%emt 00:00:06]} 9. Bg5
{[%clk 01:32:47]} {[%emt 00:01:14]} Bh5 {[%clk 01:30:06]} {[%emt 00:03:29]} 10.
f4 {[%clk 01:29:01]} {[%emt 00:04:16]} Bxe2 {[%clk 01:26:00]} {[%emt 00:04:36]}
11. Qxe2 {[%clk 01:26:40]} {[%emt 00:02:51]} h6 {[%clk 01:19:46]} {[%emt
00:06:44]} 12. Bxf6 {[%clk 01:16:19]} {[%emt 00:10:51]} gxf6 {[%clk 01:20:09]}
{[%emt 00:00:06]} 13. Qh5 {[%clk 01:13:20]} {[%emt 00:03:29]} O-O-O {[%clk
01:18:12]} {[%emt 00:02:27]} 14. b4 {[%clk 00:59:41]} {[%emt 00:14:10]} Bd6
{[%clk 01:15:02]} {[%emt 00:03:40]} 15. g3 {[%clk 00:50:27]} {[%emt 00:09:43]}
Rdg8 {[%clk 00:58:10]} {[%emt 00:17:22]} 16. Kh1 {[%clk 00:49:13]} {[%emt
00:01:44]} f5 {[%clk 00:56:50]} {[%emt 00:01:50]} 17. Nd2 {[%clk 00:39:35]}
{[%emt 00:10:08]} Rg6 {[%clk 00:48:12]} {[%emt 00:09:08]} 18. a4 {[%clk
00:35:22]} {[%emt 00:04:43]} Ne7 {[%clk 00:44:05]} {[%emt 00:04:37]} 19. b5
{[%clk 00:21:48]} {[%emt 00:14:05]} Ng8 {[%clk 00:42:25]} {[%emt 00:02:10]} 20.
c4 {[%clk 00:21:09]} {[%emt 00:01:08]} Bb4 {[%clk 00:33:14]} {[%emt 00:09:42]}
21. cxd5 {[%clk 00:15:10]} {[%emt 00:06:29]} Nf6 {[%clk 00:28:26]} {[%emt
00:05:18]} 22. Qd1 {[%clk 00:11:21]} {[%emt 00:04:17]} Bxd2 {[%clk 00:21:06]}
{[%emt 00:07:52]} 23. Qxd2 {[%clk 00:11:25]} {[%emt 00:00:26]} Qd6 {[%clk
00:21:02]} {[%emt 00:00:34]} 24. dxe6 {[%clk 00:10:45]} {[%emt 00:01:09]} fxe6
{[%clk 00:20:30]} {[%emt 00:01:02]} 25. Rac1+ {[%clk 00:09:59]} {[%emt
00:01:16]} Kb8 {[%clk 00:20:33]} {[%emt 00:00:27]} 26. Qc3 {[%clk 00:08:19]}
{[%emt 00:02:10]} Rd8 {[%clk 00:18:28]} {[%emt 00:02:35]} 27. Rfd1 {[%clk
00:07:16]} {[%emt 00:01:33]} Ng4 {[%clk 00:16:46]} {[%emt 00:02:12]} 28. Rd2
{[%clk 00:07:15]} {[%emt 00:00:31]} Qd5+ {[%clk 00:13:43]} {[%emt 00:03:33]}
29. Kg1 {[%clk 00:04:49]} {[%emt 00:04:59]} Qxd4+ {[%clk 00:11:37]} {[%emt
00:01:22]} 30. Qxd4 {[%clk 00:05:12]} {[%emt 00:00:07]} Rxd4 {[%clk 00:12:03]}
{[%emt 00:00:04]} 31. Bxf5 {[%clk 00:05:28]} {[%emt 00:00:14]} Rxd2 {[%clk
00:12:20]} {[%emt 00:00:13]} 32. Bxg6 {[%clk 00:05:51]} {[%emt 00:00:07]} Rxh2
{[%clk 00:07:14]} {[%emt 00:05:35]} 33. Bf7 {[%clk 00:04:11]} {[%emt 00:02:11]}
Re2 {[%clk 00:07:38]} {[%emt 00:00:06]} 34. Bh5 {[%clk 00:04:34]} {[%emt
00:00:07]} Re3 {[%clk 00:08:01]} {[%emt 00:00:06]} 35. Kg2 {[%clk 00:03:30]}
{[%emt 00:01:33]} Nf6 {[%clk 00:07:47]} {[%emt 00:00:46]} 36. Bf3 {[%clk
00:03:33]} {[%emt 00:00:26]} Ra3 {[%clk 00:05:12]} {[%emt 00:03:05]} 37. Re1
{[%clk 00:03:28]} {[%emt 00:00:35]} Nd5 {[%clk 00:03:26]} {[%emt 00:02:16]} 38.
Bxd5 {[%clk 00:02:09]} {[%emt 00:01:49]} exd5 {[%clk 00:03:49]} {[%emt
00:00:08]} 39. f5 {[%clk 00:02:30]} {[%emt 00:00:09]} Ra2+ {[%clk 00:03:02]}
{[%emt 00:01:17]} 40. Kf3 {[%clk 00:02:02]} {[%emt 00:00:58]} Ra3+ {[%clk
00:03:27]} {[%emt 00:00:05]} 41. Kg4 {[%clk 00:28:02]} {[%emt 00:04:24]} Rxa4+
{[%clk 00:31:19]} {[%emt 00:02:44]} 42. Kh5 {[%clk 00:27:20]} {[%emt 00:00:57]}
Ra3 {[%clk 00:31:41]} {[%emt 00:00:23]} 43. Rf1 {[%clk 00:22:26]} {[%emt
00:05:23]} Rxg3 {[%clk 00:31:45]} {[%emt 00:00:27]} 44. f6 {[%clk 00:22:11]}
{[%emt 00:00:44]} Rg8 {[%clk 00:32:10]} {[%emt 00:00:06]} 45. f7 {[%clk
00:22:26]} {[%emt 00:00:15]} Rf8 {[%clk 00:32:10]} {[%emt 00:00:30]} 46. Kxh6
{[%clk 00:22:48]} {[%emt 00:00:07]} Kc7 {[%clk 00:32:27]} {[%emt 00:00:13]} 47.
Rf6 {[%clk 00:21:52]} {[%emt 00:01:26]} d4 {[%clk 00:21:20]} {[%emt 00:11:37]}
48. Kg7 {[%clk 00:20:35]} {[%emt 00:01:47]} Rxf7 {[%clk 00:21:44]} {[%emt
00:00:06]} 49. Kxf7 {[%clk 00:19:26]} {[%emt 00:01:39]} d3 {[%clk 00:22:09]}
{[%emt 00:00:05]} 50. Ke7 {[%clk 00:18:43]} {[%emt 00:01:13]} d2 {[%clk
00:22:35]} {[%emt 00:00:05]} 51. Rd6 {[%emt 00:02:43]} 1-0